| 000 | 01644cam a22004577a 4500 | ||
|---|---|---|---|
| 001 | 8507 | ||
| 003 | FISKH | ||
| 005 | 20250916153758.0 | ||
| 008 | 040309s2003 paua j 001 0 eng d | ||
| 010 | _a 2004297103 | ||
| 020 | _a1590841743 | ||
| 020 | _a9781590841747 | ||
| 035 | _a13515826 | ||
| 035 | _a(OCoLC)49828568 | ||
| 040 |
_aAPL _cAPL _dOCLCQ _dDLC _beng |
||
| 050 | 0 | 0 |
_aQL100.5 _b.C68 2003 |
| 082 | 0 | 0 |
_a591.5/3 _222 |
| 100 | 1 | _aCoupe, Robert. | |
| 245 | 1 | 0 |
_aAttack and defense / _cRobert Coupe |
| 260 |
_aBroomall, PA : _bMason Crest Publishers, _c2003. |
||
| 300 |
_a32 pages : _bcolor illustrations ; _c23 cm |
||
| 336 |
_atext _btxt _2rdacontent |
||
| 337 |
_aunmediated _bn _2rdamedia |
||
| 338 |
_avolume _bnc _2rdacarrier |
||
| 490 | 1 | _aWeird and wonderful wildlife | |
| 490 | 1 | _aJunior adventure | |
| 500 | _aIncludes index. | ||
| 505 | _aO | ||
| 520 | _aHow do animals attack and defend? Some hunt with sharp teeth and claws. Others use stealth or speed. Speed helps animals defend themselves, too. A few creatures have poison in their bodies. | ||
| 521 | 8 |
_a600
_bLexile estimate |
|
| 521 | 8 |
_aO
_bRaz-Plus |
|
| 650 | 0 |
_aAnimal attacks _vJuvenile literature. |
|
| 650 | 0 |
_aAnimal defenses _vJuvenile literature. |
|
| 655 | 7 |
_aLiterature. _2lcgft _0https://id.loc.gov/authorities/genreForms/gf2014026415 |
|
| 830 | 0 | _aWeird and wonderful wildlife (Broomall, Pa.) | |
| 830 | 0 | _aJunior adventure (Broomall, Pa.) | |
| 906 |
_a7 _bcbc _ccopycat _d2 _encip _f20 _gy-gencatlg |
||
| 942 |
_2ddc _cBK _n0 |
||
| 999 |
_c8507 _d8507 |
||